| 000 | 00381nam a2200157Ia 4500 | ||
|---|---|---|---|
| 008 | 230312s9999||||xx |||||||||||||| ||und|| | ||
| 020 | _a81-317-2798-0 | ||
| 082 |
_a658.406 _bSEN-O |
||
| 100 | _aSenior; barbara | ||
| 245 | 0 | _aOrganizational Change | |
| 260 |
_bPearsons _aIndia _c2010 |
||
| 300 | _a436 | ||
| 546 | _aEng. | ||
| 650 |
_aManagement _vmeaning of change |
||
| 942 | _cBK | ||
| 999 |
_c7142 _d7142 |
||